000
00303nam a2200097Ia 4500
082
_a
953.8050922 COLL
245
0
_a
The Bin Ladens : oil, money, terrorism and the secret Saudi world
100
_a
COLL, Steve London, 2009
_9
93092
942
_c
BK
008
210817s9999 xx 000 0 und d
999
_c
425855
_d
425854